000 00410nam a22001457a 4500
003 OSt
005 20260401093039.0
008 260401b |||||||| |||| 00| 0 eng d
020 _a9789914529296
_cAvailable
040 _cKICD
050 _aPL 8703.5 .K53 2025
245 _aMTAALA WA DARAJE YA JUU YA SHULE ZA UPILI
_bG10 FASIHI YA KISWAHILI
_cKICD
260 _aNAIROBI, KENYA
_bKICD
_c2025
942 _2ddc
_cBK
_n0
999 _c10015
_d10015